5HLuxD.jpg

KING HENRY VIII SENIOR AND PRIMARY SCHOOL LIBRARY OPAC

Cell signalling / (Record no. 326)

000 -LEADER
fixed length control field 01133cam a2200337 i 4500
001 - CONTROL NUMBER
control field 19193469
003 - CONTROL NUMBER IDENTIFIER
control field OSt
005 - DATE AND TIME OF LATEST TRANSACTION
control field 20190806102718.0
008 - FIXED-LENGTH DATA ELEMENTS--GENERAL INFORMATION
fixed length control field 160727s2017 enka b 001 0 eng
010 ## - LIBRARY OF CONGRESS CONTROL NUMBER
LC control number 2016949248
020 ## - INTERNATIONAL STANDARD BOOK NUMBER
International Standard Book Number 9780199658480
020 ## - INTERNATIONAL STANDARD BOOK NUMBER
International Standard Book Number 019965848X
040 ## - CATALOGING SOURCE
Original cataloging agency DLC
Language of cataloging eng
Description conventions rda
Transcribing agency DLC
Modifying agency DLC
042 ## - AUTHENTICATION CODE
Authentication code pcc
082 00 - DEWEY DECIMAL CLASSIFICATION NUMBER
Classification number 571.6 HAN
Edition number 23
100 1# - MAIN ENTRY--PERSONAL NAME
Personal name Hancock, John T.
Relator term author
245 10 - TITLE STATEMENT
Title Cell signalling /
Statement of responsibility, etc. John T. Hancock
250 ## - EDITION STATEMENT
Edition statement Fourth edition.
260 ## - PUBLICATION, DISTRIBUTION, ETC.
Place of publication, distribution, etc. Oxford, United Kingdom ;
-- New York, NY, United States of America :
Name of publisher, distributor, etc. Oxford University Press,
Date of publication, distribution, etc. [2017]
300 ## - PHYSICAL DESCRIPTION
Extent xxix, 420 pages :
Other physical details illustrations ;
Dimensions 25 cm
336 ## - CONTENT TYPE
Content type term text
Content type code txt
Source rdacontent
337 ## - MEDIA TYPE
Media type term unmediated
Media type code n
Source rdamedia
338 ## - CARRIER TYPE
Carrier type term volume
Carrier type code nc
Source rdacarrier
504 ## - BIBLIOGRAPHY, ETC. NOTE
Bibliography, etc. note Includes bibliographical references and index.
650 #0 - SUBJECT ADDED ENTRY--TOPICAL TERM
Topical term or geographic name entry element Cell interaction.
650 #0 - SUBJECT ADDED ENTRY--TOPICAL TERM
Topical term or geographic name entry element Cellular signal transduction.
906 ## - LOCAL DATA ELEMENT F, LDF (RLIN)
a 7
b cbc
c origcop
d 2
e ncip
f 20
g y-gencatlg
942 ## - ADDED ENTRY ELEMENTS (KOHA)
Source of classification or shelving scheme
Koha item type Books - Non Ficton
Holdings
Withdrawn status Lost status Source of classification or shelving scheme Damaged status Not for loan Collection code Permanent Location Current Location Shelving location Date acquired Full call number Barcode Date last seen Copy number Price effective from Koha item type
          Non-Fiction KH8 Senior School Library KH8 Senior School Library Non Fiction 2019-08-06 571.6 HAN 3KHSL000100049 2019-08-06 1 2019-08-06 Books - Non Ficton
          Non-Fiction KH8 Senior School Library KH8 Senior School Library Non Fiction 2019-10-14 571.6 HAN 3KHSL000101402 2019-10-14 2 2019-10-14 Books - Non Ficton

Powered By KH8 IT Dept